Medical Diagnosis Expert System (MDES). (Record no. 58575)

MARC details
000 -LEADER
fixed length control field 00550nam a2200181Ia 4500
082 ## - DEWEY DECIMAL CLASSIFICATION NUMBER
Classification number R/5BS(CS)10
100 ## - MAIN ENTRY--AUTHOR NAME
Personal name Naila Parveen
100 ## - MAIN ENTRY--AUTHOR NAME
Personal name Roll No. 10BS(CS)05
100 ## - MAIN ENTRY--AUTHOR NAME
Personal name Supervisor - Ms. Mehwish Leghari
245 #0 - TITLE STATEMENT
Title Medical Diagnosis Expert System (MDES).
260 ## - PUBLICATION, DISTRIBUTION, ETC. (IMPRINT)
Place of publication Nawabshah
Name of publisher QUEST
Year of publication 2014
300 ## - PHYSICAL DESCRIPTION
Number of Pages 86p
700 ## - ADDED ENTRY--PERSONAL NAME
Personal name Sharmeen Fatima (Roll No. 10BS(CS)06)
700 ## - ADDED ENTRY--PERSONAL NAME
Personal name Roheen Qamar (Roll No. 10BS(CS)04)
700 ## - ADDED ENTRY--PERSONAL NAME
Personal name Mehtab Khatoon (Roll No. 10BS(CS)03)
700 ## - ADDED ENTRY--PERSONAL NAME
Personal name Kanwal Khooso (Roll No. 10-09BS(CS)22)
942 ## - ADDED ENTRY ELEMENTS (KOHA)
Koha item type Thesis and Dissertation
Holdings
Withdrawn status Lost status Home library Current library Date acquired Full call number Accession Number Koha item type
    Research Section Research Section 25/04/2018 R/5BS(CS)10 BSCSP/11-105 Thesis and Dissertation